Messi Ronaldo ou les deux - Statistiques

Statistiques générales
  • Ce quiz a été pris 279 fois
  • Le résultat moyen est 6 sur 10
Statistiques - réponses
Question Réponse % Correct
est le meilleur buteur de la ligue des champions Ronaldo
91%
A le plus de titre avec sa sélection Messi
90%
A commencé sa carrière le plus tôt (2002-2003) Ronaldo
85%
a gagné le plus de confrontation direct Messi
82%
Avec qui Angel Di Maria à joué le plus de matchs en club Ronaldo
79%
est le meilleur buteur du classico Messi
78%
est le goat Messi
51%
est hispanophone Les deux
34%
A marqué le plus de but sur coup franc Ronaldo
25%
A marqué le plus lors de confrontations directs (23buts) Les deux
3%
Aucun quiz correspondant
Distribution des résultats
% des personnes avec chaque résultat
Percentile par nombre de réponses
Votre historique - résultats
Vous n’avez pas pris ce quiz